<?xml version="1.0" encoding="UTF-8"?>
<record
    xmlns:xsi="http://www.w3.org/2001/XMLSchema-instance"
    xsi:schemaLocation="http://www.loc.gov/MARC21/slim http://www.loc.gov/standards/marcxml/schema/MARC21slim.xsd"
    xmlns="http://www.loc.gov/MARC21/slim">

  <leader>01018nam a2200253 i 4500</leader>
  <controlfield tag="001">78248</controlfield>
  <controlfield tag="003">ES-MaACL</controlfield>
  <controlfield tag="005">20250901090024.0</controlfield>
  <controlfield tag="007">t|</controlfield>
  <controlfield tag="008">041013s1955    sp a         |||| | spa d</controlfield>
  <datafield tag="100" ind1="1" ind2=" ">
    <subfield code="a">Haenisch, G. F.</subfield>
    <subfield code="9">61425</subfield>
  </datafield>
  <datafield tag="245" ind1="1" ind2="0">
    <subfield code="a">Fundamentos de Roentgenolog&#xED;a / </subfield>
    <subfield code="c">G.F. Haenisch, O.O.H. Holthusen ; con un cap&#xED;tulo de t&#xE9;cnica f&#xED;sica por A. Liechti ; revisado y completado por W. Feh. ; traducido de la 5&#xAA; ed. alemana, ampliada con figuras por N. Lloret Barler [y] Jos&#xE9; M&#xAA; Masriera y Sagal&#xE9;s.</subfield>
  </datafield>
  <datafield tag="260" ind1=" " ind2=" ">
    <subfield code="a">Barcelona : </subfield>
    <subfield code="b">Cient&#xED;fico-M&#xE9;dica, </subfield>
    <subfield code="c">1955 (</subfield>
    <subfield code="f">Imp. Escuela de la Casa Provincial de Caridad)</subfield>
  </datafield>
  <datafield tag="300" ind1=" " ind2=" ">
    <subfield code="a">XI, 564 p. : </subfield>
    <subfield code="b">il. ; </subfield>
    <subfield code="c">27 cm.</subfield>
  </datafield>
  <datafield tag="650" ind1=" " ind2="4">
    <subfield code="a">Rayos X.</subfield>
    <subfield code="9">136804</subfield>
  </datafield>
  <datafield tag="650" ind1=" " ind2="7">
    <subfield code="a">Radiolog&#xED;a</subfield>
    <subfield code="2">embne</subfield>
    <subfield code="9">140316</subfield>
  </datafield>
  <datafield tag="700" ind1="1" ind2=" ">
    <subfield code="a">Holthusen, O. O. H.</subfield>
    <subfield code="9">64087</subfield>
  </datafield>
  <datafield tag="700" ind1="1" ind2=" ">
    <subfield code="a">Liechti, A.</subfield>
    <subfield code="9">72238</subfield>
  </datafield>
  <datafield tag="700" ind1="1" ind2=" ">
    <subfield code="a">Fehr, W.</subfield>
    <subfield code="9">49092</subfield>
  </datafield>
  <datafield tag="700" ind1="1" ind2=" ">
    <subfield code="a">Lloret Barber, N.</subfield>
    <subfield code="9">72921</subfield>
  </datafield>
  <datafield tag="700" ind1="1" ind2=" ">
    <subfield code="a">Masriera y Sagal&#xE9;s, Jos&#xE9; Mar&#xED;a.</subfield>
    <subfield code="9">78779</subfield>
  </datafield>
  <datafield tag="852" ind1=" " ind2=" ">
    <subfield code="a">ES-MaACL</subfield>
    <subfield code="j">C-9440</subfield>
  </datafield>
  <datafield tag="999" ind1=" " ind2=" ">
    <subfield code="c">78248</subfield>
    <subfield code="d">78248</subfield>
  </datafield>
  <datafield tag="952" ind1=" " ind2=" ">
    <subfield code="0">0</subfield>
    <subfield code="1">0</subfield>
    <subfield code="4">0</subfield>
    <subfield code="7">0</subfield>
    <subfield code="a">ATENEOM</subfield>
    <subfield code="b">ATENEOM</subfield>
    <subfield code="c">SPAL</subfield>
    <subfield code="d">2008-01-17</subfield>
    <subfield code="e">SC</subfield>
    <subfield code="l">0</subfield>
    <subfield code="o">C-9440</subfield>
    <subfield code="p">1081853</subfield>
    <subfield code="r">2023-02-23 00:00:00</subfield>
    <subfield code="w">2023-02-23</subfield>
    <subfield code="y">MONOGRAFIA</subfield>
  </datafield>
</record>
